| 000 | 01712nam a2200277 a 4500 | ||
|---|---|---|---|
| 001 | 000024571 | ||
| 005 | 20240731114020.0 | ||
| 008 | 110131s1984 mx r 000 | spa d | ||
| 020 | _a968409261X | ||
| 040 |
_aDO-SdBNP _bspa _cBNPHU |
||
| 041 | 1 | 7 |
_aeng _hspa _2Código de idioma MARC |
| 082 |
_a330.15 _bC764ó |
||
| 245 | 0 | 3 |
_aEl control de la oferta : _bla reactivación de la economía mediante estímulos gubernamentales a la producción / _ccompilación David G. Raboy; traducción Aurora Merino. |
| 260 |
_aMéxico, D. F. : _bEdiciones Asociados Mexicanos , _c1984. |
||
| 300 |
_a217 p. ; _c20 cm. |
||
| 500 | _aIncluye referencia bibliográfica al pie de páginas | ||
| 505 | 0 |
_tPrefacio / _rEdwin J. Feulner, Jr. _tIntroducción / _rDavid G. Raboy _tAnálisis de control de la oferta y la política pública / _rNorman B. Ture _tAntecedentes teóricos de la economía por control de la oferta / _rDavid G. Raboy _tExpectativas relacionales y economía por control de la oferta: ¿pareja dispareja? / _rDavid G. Tuerck _tEl sistema de empresa, la democracia y bienestar general: acercamiento a la reconciliación / _rRichard E. Wagner _tImpuestos, ahorro y oferta de mano de obra: teoría y evidencia de distorsiones / _rMai Nuyen Woo _tDe la economía Antitrust a la del control de la oferta: la extraña historia de intervención federal en la economía / _rNaoimi R. Lamoreaux |
|
| 534 |
_aTítulo original : _tSupply side economics |
||
| 650 | 4 |
_aTeoria económica _930923 |
|
| 650 | 4 |
_aLiberalización económica _910390 |
|
| 650 | 0 |
_aEconomía política _95976 |
|
| 650 | 4 |
_aSistemas económicos _97422 |
|
| 700 | 1 |
_aRaboy, David G. _ecomp. _950383 |
|
| 700 | 1 |
_aMerino, Aurora _etr. _949136 |
|
| 049 | _aBNGR | ||
| 999 |
_c24064 _d24064 |
||